000 00674nam a22002052 4500
001 0000001624
005 20170406113603.0
008 140121s xx 000 0 eng d
020 _c$
040 _aYour Holding Symbol
_cYour Holding Symbol
100 1 _aRushdoony, Rousas John.
245 1 0 _aThis independent republic :
_bstudies in the nature and meaning of American history /
_cby Rousas John Rushdoony.
250 _a ed.
260 _aNew jersey :
_bThe Craig Press,
_c1964.
300 _aix, 172 p. ;
_c cm.
504 _aIncludes bibliographies and index.
591 _a2007
_bDonation
651 0 _aUnited States
_xHistory.
908 _a140121
999 _c1536
_d1536